[Event "VIII Floripa Open 2022"]
[Site "Florianopolis"]
[Date "2022.01.26"]
[Round "2.2"]
[White "Pontes, Israel Fillip da Sil"]
[Black "Delgado Ramirez, Neuris"]
[Result "0-1"]
[WhiteElo "1967"]
[BlackElo "2614"]
[Annotator "TA"]
[PlyCount "70"]
[EventDate "2022.01.24"]
[EventType "swiss"]
[EventCountry "BRA"]
[SourceTitle "playchess.com"]
[Source "ChessBase"]
[SourceQuality "1"]

{[%evp 14,70,4,-57,-42,-62,-59,-78,-67,-66,-63,-68,-61,-70,-56,-59,-43,-70,-49,-67,-70,-67,-57,-90,-84,-131,-82,-196,-199,-203,-184,-170,-184,-277,-272,-335,-324,-329,-333,-304,-281,-289,-281,-327,-329,-330,-329,-1079,-1058,-1518,-1518,-29991,-1446,-1451,-1448,-1335,-1287,-29993,-29992]} 1. e4 c5 2. Nf3 d6 3. d4 cxd4 4. Nxd4 Nf6 5. Nc3 Nc6 6. Be3 Ng4 7. Nxc6 bxc6 8. Qd2 ({Better is} 8. Bc1 $11) 8... Nxe3 $15 {B56: Classical Sicilian: Unusual Lines.} 9. Qxe3 g6 10. Bc4 Bg7 {Black is better.} 11. O-O O-O 12. Rab1 Qa5 13. Ne2 Rb8 14. c3 {[#]} Ba6 $146 ({Predecessor:} 14... e6 15. Nd4 Qc5 16. Bb3 Ba6 17. Rfe1 Qb6 18. h3 d5 19. exd5 cxd5 20. Rbd1 Rfc8 {0-1 (61) Pasztor,L (1892)-Puskar,J (2034) Slovakia 2014}) 15. Qd3 Bb7 16. Rfd1 d5 17. Bb3 e6 18. Qf3 {Black continues to play with concentration.} Rfd8 19. Rd2 (19. exd5 $142 cxd5 20. Qe3) 19... Qc7 ({Black should play} 19... c5 $1 {...c4 is the strong threat.} 20. exd5 exd5) 20. Rbd1 (20. exd5 $17 {is a better defense.} exd5 21. Nf4) 20... Bh6 $1 $19 21. Rd3 c5 {White must now prevent ...c4.} 22. c4 {[%cal Rc4d5]} dxe4 23. Rxd8+ (23. Qg3 $142 Qb6 24. Rd6) 23... Rxd8 24. Qg3 Rxd1+ 25. Bxd1 Qd8 {[%cal Rd8d1]} 26. Qb3 Bc6 {[%cal Oe4e3]} 27. Ng3 Qd4 28. Nf1 Bc1 29. Qb8+ Kg7 30. Bb3 (30. Qb3) 30... e3 31. fxe3 Bxe3+ 32. Kh1 {[#]} Bxg2+ $1 {[%mdl 512]} 33. Kxg2 {[#]} Qe4+ $1 ({Not} 33... Qg4+ 34. Ng3 Bf4 35. Qb7 $11) 34. Kg3 {[#]} Bd4 $1 {( -> ...g5)} 35. Qd8 Qd3+ {Weighted Error Value: White=0.94/Black=0.28 (precise)} 0-1

[Event "VIII Floripa Open 2022"]
[Site "Florianopolis"]
[Date "2022.01.26"]
[Round "2.3"]
[White "Bachmann, Axel"]
[Black "Crespo Ruiz, Manuel Maria"]
[Result "1-0"]
[WhiteElo "2594"]
[BlackElo "1948"]
[Annotator "TA"]
[PlyCount "81"]
[EventDate "2022.01.24"]
[EventType "swiss"]
[EventCountry "BRA"]
[SourceTitle "playchess.com"]
[Source "ChessBase"]
[SourceQuality "1"]

{[%evp 9,81,28,25,34,64,69,77,41,50,44,47,39,71,29,84,17,22,0,6,0,15,20,18,12,31,12,16,11,24,0,9,18,26,0,21,0,0,0,0,0,0,0,129,111,127,119,130,118,129,131,153,160,166,168,158,158,387,421,414,389,406,405,385,291,546,536,821,815,744,737,739,725,1204,1178]} 1. g3 Nf6 2. Bg2 d5 3. Nf3 c5 4. c4 g6 5. cxd5 Nxd5 6. Qa4+ {A30: Symmetrical English: Double Fianchetto and Hedgehog.} Nd7 7. Nc3 N5b6 {[#]} 8. Qd1 $146 {White is much more active. White is better.} ({Predecessor:} 8. Qc2 Bg7 9. a4 a6 10. a5 Nc4 11. Qa4 Nd6 12. d3 O-O 13. O-O Nf5 14. Ne4 {1-0 (22) Zaragatski,I (2499)-Sadkowsky,D (2260) Belgium 2014}) 8... Bg7 9. O-O O-O 10. d3 Nf6 11. Be3 (11. Qc2 $16) 11... Nfd5 (11... c4 $11 {keeps the balance.}) 12. Bd2 (12. Bxc5 $16 Nxc3 13. bxc3) 12... Bd7 $11 13. Qc1 Rc8 14. Bh6 e6 15. Bxg7 Kxg7 16. b3 Qe7 17. Ne4 e5 18. Qb2 f6 19. Rac1 Rc7 20. a3 Be6 21. Ned2 Nd7 22. Rc2 (22. e3 $5 {[%cal Rd3d4]}) 22... Rfc8 23. Rfc1 b5 24. e4 N5b6 {[%cal Bd5b6,Bb6a4,Ba4b2][%mdl 32]} 25. d4 $1 {[%cal Bd3d4,Bd4d5][%mdl 32]} Qd6 (25... exd4 $11 26. Nxd4 Ne5 27. Nxe6+ (27. Nxb5 Nd3 $11) 27... Qxe6) 26. d5 $36 {[%mdl 2048] White has strong initiative.} Bf7 27. Bf1 a6 28. a4 $1 bxa4 29. bxa4 {Hoping for a5.} ({Don't play} 29. Bxa6 $6 Rb8 $14) 29... Nxa4 {[#]} 30. Nc4 {[%mdl 512]} Nxb2 31. Nxd6 {[%mdl 64] Discovered Attack} Rb8 32. Bxa6 {And now Nb5 would win.} Rb6 {Loses the game.} (32... c4 $16 33. Bxc4 (33. Nb5 Rc5 $18) 33... Rb6) 33. Nb5 $18 Ra7 34. Nxa7 Rxa6 35. Rxb2 Rxa7 36. Rcb1 Ra3 $2 {[#]} (36... c4 37. Rc2 f5) 37. Rb7 $1 {White is clearly winning.} Nf8 (37... Be8 38. Nd2) 38. Nd2 Kg8 39. Nc4 Ra6 40. Re7 f5 41. Nxe5 {Weighted Error Value: White=0.13 (very precise) /Black=0.30} 1-0

[Event "VIII Floripa Open 2022"]
[Site "Florianopolis"]
[Date "2022.01.26"]
[Round "2.4"]
[White "Fontoura, Rogerio Lemos"]
[Black "Supi, Luis Paulo"]
[Result "0-1"]
[WhiteElo "1965"]
[BlackElo "2581"]
[Annotator "TA"]
[PlyCount "68"]
[EventDate "2022.01.24"]
[EventType "swiss"]
[EventCountry "BRA"]
[SourceTitle "playchess.com"]
[Source "ChessBase"]
[SourceQuality "1"]

{[%evp 18,68,17,0,0,0,0,0,-1,-4,0,-3,0,-15,6,-71,-69,-81,-81,-80,-70,-77,-37,-117,-100,-147,-135,-165,-169,-308,-314,-313,-308,-310,-306,-302,-285,-297,-293,-328,-282,-364,-372,-627,-626,-643,-383,-558,-570,-570,-570,-553,-548]} 1. d4 Nf6 2. c4 g6 3. Nc3 Bg7 4. Nf3 O-O 5. Bf4 d6 6. e3 b6 7. Be2 Bb7 8. O-O Nbd7 9. h3 Re8 10. Bh2 Ne4 {E61: King's Indian: Early deviations for White, including Smyslov System.} 11. Nxe4 Bxe4 12. Nd2 Bb7 {The position is equal.} 13. Bf3 Bxf3 14. Nxf3 c5 {[#]} 15. Qd2 $146 ({Predecessor:} 15. Qe2 Rc8 16. Rac1 cxd4 17. Nxd4 Bxd4 18. exd4 e5 19. d5 f5 20. b4 Rc7 21. a4 {1-0 (39) Fuentes Inzunza,L (1840)-Molina,J (1883) Baku 2016}) 15... Qc7 16. d5 (16. Rac1 $11 {keeps the balance.}) 16... b5 $17 17. cxb5 a6 18. b6 Qxb6 19. Rab1 Rab8 {[%cal Rg7b2]} 20. Rfc1 {Black continues to play with concentration.} (20. Qc2 $15) 20... Nf6 (20... Bxb2 $2 21. Rc2 $18) 21. Rc4 {[#]} ({Better is} 21. Re1) 21... Qb5 $1 22. Rbc1 Qxb2 23. R1c2 (23. e4 $142) 23... Qa1+ $19 24. Rc1 {[#]} Rb1 25. Rxb1 Qxb1+ 26. Rc1 Qb7 27. Qc2 Qxd5 ({Don't blunder} 27... Nxd5 $2 28. e4 Nb4 29. Rb1 $19) 28. Rb1 Qe4 29. Qc1 Nd5 30. Nd2 $2 (30. Bg3) 30... Qd3 {And now ...Nc3 would win.} 31. Rb3 Qe2 {[%cal Oc5c4] ...c4! is the strong threat.} 32. Bg3 (32. e4 $142 Nc3 33. Bf4 Nxe4 34. Nxe4 Qxe4 35. Bg5) 32... c4 {Black is clearly winning.} 33. Qxc4 Qxd2 34. Qxa6 Nc3 {Weighted Error Value: White=0.44/Black=0.17 (very precise)} 0-1

[Event "VIII Floripa Open 2022"]
[Site "Florianopolis"]
[Date "2022.01.26"]
[Round "2.5"]
[White "Fier, Alexandr"]
[Black "Ikejiri, Daniel Yoshito"]
[Result "1-0"]
[WhiteElo "2572"]
[BlackElo "1961"]
[Annotator "TA"]
[PlyCount "75"]
[EventDate "2022.01.24"]
[EventType "swiss"]
[EventCountry "BRA"]
[SourceTitle "playchess.com"]
[Source "ChessBase"]
[SourceQuality "1"]

{[%evp 14,75,43,50,47,52,52,46,56,51,94,67,95,80,110,125,116,108,150,153,135,132,141,139,132,130,125,125,139,124,157,154,148,152,153,153,150,153,150,150,170,135,181,171,333,329,333,332,324,331,330,314,357,208,194,204,186,170,264,257,276,256,290,252]} 1. e4 c5 2. Nf3 Nc6 3. Nc3 d6 4. d4 cxd4 5. Nxd4 Nf6 6. Bg5 e5 7. Nf5 Bxf5 8. exf5 Be7 {B54: Sicilian: 2...d6 3 d4 cxd4 4 Nxd4, Unusual Lines .} 9. Bxf6 Bxf6 10. Nd5 O-O {White is slightly better.} 11. c3 a6 (11... e4 $14) 12. Bc4 b5 13. Bb3 {[#]} Na5 $146 ({Predecessor:} 13... a5 14. O-O Rb8 15. Qf3 Na7 16. Rad1 Nc8 17. Rfe1 Nb6 18. Rd3 Re8 19. Qh5 a4 {1-0 (34) Acsinte,M (2095)-Tiron,L (1913) Calimanesti 2014}) 14. O-O Rc8 15. a4 Nc4 (15... Nxb3 $142 16. Qxb3 Rc5) 16. axb5 $16 axb5 17. Qe2 Rc5 18. Rfd1 Nb6 19. Ra6 Nxd5 20. Bxd5 Qc8 21. Rxd6 {White is much more active.} Qxf5 22. Be4 Qg5 23. g3 h5 24. h4 Qg4 25. Bf3 $36 {[%mdl 2048] Black is under strong pressure.} Qc4 26. Qe3 Rcc8 27. Bxh5 Qc5 (27... b4 $16) 28. Qe4 {[%cal Od6f6]} Rfd8 $2 (28... Rcd8 29. Rd7 Rxd7 30. Rxd7 Qc4 31. Qxc4 bxc4) 29. Rd7 $18 Rxd7 30. Rxd7 Rf8 31. Qb7 Qc4 32. Bf3 {[%cal Bh5f3,Bf3e4,Be4d5,Bd5b7][%mdl 32] [#] Prevents e4. aiming for Bd5.} e4 33. Qxe4 (33. Bxe4 $142 Re8 34. Bd5 Re1+ 35. Kh2) 33... Qxe4 34. Bxe4 b4 35. cxb4 Rb8 (35... Rd8 {was necessary.} 36. Rc7 Rd4) 36. Bd5 {White has a decisive advantage.} Bxb2 37. Rxf7 {[#] Strongly threatening Rb7+.} Kh8 38. Bb7 {Black got outplayed after the opening.  Weighted Error Value: White=0.07 (flawless) /Black=0.21 (precise)} 1-0

[Event "VIII Floripa Open 2022"]
[Site "Florianopolis"]
[Date "2022.01.26"]
[Round "2.6"]
[White "Bassani, Jaison Jose"]
[Black "Mekhitarian, Krikor Sevag"]
[Result "0-1"]
[WhiteElo "1997"]
[BlackElo "2562"]
[Annotator "TA"]
[PlyCount "90"]
[EventDate "2022.01.24"]
[EventType "swiss"]
[EventCountry "BRA"]
[SourceTitle "playchess.com"]
[Source "ChessBase"]
[SourceQuality "1"]

{[%evp 9,90,4,11,8,25,4,11,12,29,20,22,19,31,-7,68,2,8,0,44,-72,-12,-19,-3,-10,-10,-19,-20,-10,-18,-27,-10,-57,-62,-53,-66,-53,-63,-76,-76,-64,-56,-54,-53,-154,-154,-154,-154,-154,-154,-155,-154,-287,-285,-306,-295,-615,-614,-620,-564,-588,-407,-399,-384,-687,-676,-680,-688,-694,-684,-668,-649,-643,-639,-753,-747,-716,-696,-803,-796,-771,-770,-1112,-1006]} 1. e4 c5 2. Nc3 Nc6 3. g3 g6 4. Bg2 Rb8 5. d3 b5 6. a3 {[%cal Ba2a3,Ba3a4][%mdl 32] B24: Closed Sicilian: 3 g3 sidelines.} a5 {[#]} 7. a4 $146 ({Predecessor:} 7. f4 b4 8. axb4 axb4 9. Nce2 Bg7 10. Nf3 d6 11. O-O e6 12. h3 Nge7 13. g4 {1-0 (75) Flores Medina,A-Juma Moreno,J (1104) Chess.com INT 2020}) 7... b4 8. Nb5 {The position is equal.} Ba6 9. c4 bxc3 10. bxc3 Bg7 11. Ne2 Nf6 (11... Bxb5 $11 12. axb5 Rxb5) 12. d4 ({Better is} 12. O-O $14) 12... O-O 13. Rb1 Ne8 (13... cxd4 $11 {is more appropriate.} 14. cxd4 Ne8) 14. Be3 (14. Bf4 $14 {keeps the upper hand.}) 14... Nc7 (14... Nd6 $17 {[%cal Rd6b5]} 15. Nxd6 exd6) 15. c4 $1 $11 cxd4 16. Nexd4 Nxd4 17. Bxd4 Bxd4 18. Qxd4 Ne6 19. Qe3 Qc8 20. Rc1 (20. Qc3 $11 {was preferrable.}) 20... Qc5 $15 21. Qd2 {[%csl LRa5,LRd7]} Qb4 22. Qxb4 axb4 23. Kd2 Rfc8 24. Rhd1 Nc5 {Hoping for ...Nb3+.} 25. Rb1 {Inhibits Nb3+.} b3 26. Rdc1 {[#] White is on the road to losing.} (26. Ra1 $1 $15) 26... Bb7 $1 $17 27. f3 Ra8 28. Nc3 Bc6 {Black is more active.} 29. Bh3 Kf8 30. Nd5 (30. Rb2 $17) 30... Rxa4 $19 {aiming for ...Ra2+.} 31. Rb2 Rca8 {[#] ...Ra2 is the strong threat.} 32. Nb6 $2 (32. Nc3 Rxc4 33. Bf1 Rd4+ 34. Ke3) 32... Ra2 33. Rcb1 Rxb2+ 34. Rxb2 Ra2 35. Kc3 Ra6 36. Kd4 $2 (36. Nxd7+ Bxd7 37. Bxd7 Nxd7 38. Rxb3) 36... d6 {Black is clearly winning.} ({Worse is} 36... Rxb6 37. Kxc5 Rb7 38. Kd4 $15) 37. Nd5 Ra2 38. Rb1 Rxh2 39. Bf1 e5+ 40. Ke3 Bxd5 41. cxd5 Rc2 42. Be2 b2 43. Bb5 h5 44. Bc6 Ke7 45. f4 Rc3+ {Weighted Error Value: White=0.50/Black=0.15 (very precise)} 0-1

[Event "VIII Floripa Open 2022"]
[Site "Florianopolis"]
[Date "2022.01.26"]
[Round "2.8"]
[White "Lima, Vinicius Taishun"]
[Black "Hungaski, Robert"]
[Result "0-1"]
[WhiteElo "1952"]
[BlackElo "2521"]
[Annotator "TA"]
[PlyCount "86"]
[EventDate "2022.01.24"]
[EventType "swiss"]
[EventCountry "BRA"]
[SourceTitle "playchess.com"]
[Source "ChessBase"]
[SourceQuality "1"]

{[%evp 12,86,33,-9,0,0,36,0,7,-20,0,0,25,0,2,0,0,0,0,-27,-29,-27,0,0,0,0,0,0,0,0,68,-26,-20,-20,-3,-18,-37,-44,14,-45,-48,-72,-50,-94,-93,-131,-62,-127,-58,-96,0,-122,-95,-113,-93,-93,-66,-114,-64,-155,-60,-370,-363,-979,-958,-773,-553,-533,-506,-1052,-1041,-1028,-985,-897,-647,-1657,-1485]} 1. e4 e6 2. d4 d5 3. Nc3 Bb4 4. e5 c5 5. a3 Bxc3+ 6. bxc3 Nc6 7. h4 (7. Qg4 $14 Qa5 8. Bd2) 7... Qa5 {[%csl LRc3,LRd4] C18: French: 3 Nc3 Bb4: Main line: 7 h4 and 7 Qg4.} 8. Bd2 Bd7 9. h5 (9. Qg4 $5 {[%cal Rg4g7]} Kf8 10. Nf3 $11) 9... O-O-O {[#] The position is equal.} 10. Be2 $146 ({Predecessor:} 10. Qg4 Nge7 11. Nf3 Qa4 12. Bd3 c4 13. Be2 Nf5 14. Ra2 f6 15. O-O fxe5 16. Nxe5 Nxe5 17. dxe5 {1-0 (47) Zilka,S (2608)-Vastrukhin,O (2376) Warsaw 2021}) 10... h6 11. Nf3 c4 12. Nh4 Nge7 13. O-O g5 14. hxg6 fxg6 15. g3 g5 16. Ng2 Be8 17. Bg4 Nf5 18. Bxf5 exf5 19. f4 Bd7 $1 20. Qe1 Be6 (20... Rdg8 $11) 21. Be3 (21. fxg5 $14 hxg5 22. Bxg5) 21... Rdg8 $11 22. Kf2 Rg6 23. Qd2 {[%cal Rf4g5]} Rhg8 24. Rh1 Kb8 (24... Nd8 $15) 25. Rh3 (25. Rh5 $1 $11) 25... Nd8 $15 26. Rhh1 Bc8 {[%cal Be6c8,Bc8d7,Bd7a4][%mdl 32]} 27. Rhg1 (27. Ke2 $15) 27... Ne6 $17 28. Qe1 {[#]} Ka8 (28... R6g7 $1 $17) 29. Qd2 (29. Ke2 $15) 29... Qc7 (29... gxf4 $17 30. Bxf4 (30. Nxf4 $2 Ng5 $19) 30... h5) 30. Qe2 Qa5 31. Qd2 $1 Bd7 32. Qe1 Ba4 {Black is more active.} 33. Qd2 Qd8 34. Qe2 (34. Raf1 $15 {is superior.}) 34... a5 ({Black should try} 34... R6g7 $17 35. Rab1 Qe7) 35. Qd2 {[#]} (35. Rac1 $15) 35... R8g7 ({Black should play} 35... gxf4 $1 $17 36. Bxf4 (36. Nxf4 $2 Ng5 $19) 36... Rg4) 36. Ra2 $2 {[%mdl 8192] Now White is beyond hope.} (36. Raf1 $1 $15) 36... Qg8 $19 {...gxf4 is the strong threat.} 37. Ne1 $2 (37. Raa1 gxf4 38. Bxf4 (38. Nxf4 $2 Rxg3 39. Ne2 Rg2+ 40. Kf1 Rh2 $19)) 37... gxf4 {Black is clearly winning.} 38. Bxf4 Nxf4 39. Qxf4 Rg4 40. Qd2 (40. Qxh6 $142 R7g6 41. Qh5) 40... f4 {Strongly threatening ...Rf7.} 41. Nf3 Bd7 {[%cal Rf4g3]} 42. Raa1 Bf5 43. gxf4 Rg2+ {Weighted Error Value: White=0.66/Black=0.32} 0-1

[Event "VIII Floripa Open 2022"]
[Site "Florianopolis"]
[Date "2022.01.26"]
[Round "2.9"]
[White "Lima, Darcy"]
[Black "Frattini, Beatriz Maria"]
[Result "1-0"]
[WhiteElo "2507"]
[BlackElo "1948"]
[Annotator "TA"]
[PlyCount "55"]
[EventDate "2022.01.24"]
[EventType "swiss"]
[EventCountry "BRA"]
[SourceTitle "playchess.com"]
[Source "ChessBase"]
[SourceQuality "1"]

{[%evp 14,55,0,0,39,42,60,37,93,93,76,84,79,83,82,85,90,58,136,139,155,140,159,149,158,160,219,216,210,170,263,263,276,269,308,297,429,416,425,434,413,377,406,383]} 1. c4 {Ribli,Z} c5 2. Nc3 Nf6 {[%cal Bg8f6,Bf6d5,Bd5c7][%mdl 32]} 3. g3 d5 4. cxd5 Nxd5 5. Bg2 Nc7 6. Qb3 Nc6 7. Bxc6+ bxc6 8. Qa4 Qd6 {A34: Symmetrical English: 2 Nc3, lines with ...d5.} 9. d3 e5 10. Nf3 {[%cal Of3e5] [#]} Bh3 $146 {[#]} (10... f6 $14) ({Predecessor:} 10... f6 11. O-O Bh3 12. Rd1 Ne6 13. b3 Be7 14. Ba3 f5 15. Qc4 Rd8 16. Rac1 h5 {0-1 (45) Dearing,E (2376)-Kovacevic,A (2556) Mallorca 2004 CBM 104 [Ribli,Z]}) 11. Nxe5 $1 Qxe5 12. Bf4 Qe6 {Hoping for ...Nd5.} 13. Bxc7 Be7 14. O-O-O O-O {[%cal Oa7a5]} 15. Rhe1 Bg5+ ({Black should try} 15... a5 $14) 16. Kb1 $16 Qd7 {[#]} 17. Ne4 $1 {[%csl LRc5,LRg5]} Be7 (17... Qxc7 18. Nxg5) 18. Bf4 {[%cal Bc7f4,Bf4e3,Be3c5][%mdl 32] White is much more active. Black has bad knights.} Be6 19. Be3 Qd5 (19... Rfb8 $16 {was necessary.} 20. Bxc5 (20. Nxc5 Bxc5 21. Bxc5 Qd5 $16) 20... Bd8) 20. Rc1 $18 Rfb8 21. Bxc5 f5 (21... Bd8 $142 22. b3 (22. Bxa7 $2 Rb7 $19) 22... f5) 22. Bxe7 fxe4 23. dxe4 Qe5 {[%csl Gb8][%cal Re5b2]} 24. Ba3 Rb5 (24... Rb6 $142 25. Red1 Qb5 26. Qxb5 cxb5) 25. f4 Qf6 26. e5 Qf7 27. Bd6 Bd7 28. e4 {Black did not feel at home in the position after the opening.  Weighted Error Value: White=0.07 (flawless) /Black=0.32} 1-0

[Event "VIII Floripa Open 2022"]
[Site "Florianopolis"]
[Date "2022.01.26"]
[Round "3.1"]
[White "Leitao, Nicolau"]
[Black "Pichot, Alan"]
[Result "0-1"]
[WhiteElo "2109"]
[BlackElo "2625"]
[Annotator "TA"]
[PlyCount "44"]
[EventDate "2022.01.24"]
[EventType "swiss"]
[EventCountry "BRA"]
[SourceTitle "playchess.com"]
[Source "ChessBase"]
[SourceQuality "1"]

{[%evp 14,44,8,24,21,3,0,-9,0,-15,-12,-32,-26,-12,-10,-106,-44,-243,-260,-296,-285,-303,-298,-302,-291,-293,-269,-355,-348,-330,-285,-505,-506]} 1. d4 Nf6 2. c4 e6 3. Nc3 Bb4 4. e3 O-O 5. Bd3 d5 6. Nge2 b6 7. O-O Bb7 8. a3 Bd6 $1 {The main line 8...Bd6 scores better than 8...Be7. E47: Nimzo-Indian: Rubinstein: 5 Bd3 without ...d5.} 9. Ng3 Re8 $5 {[%mdl 4] Leaves trodden paths.} 10. cxd5 exd5 {The position is equal.} 11. Bd2 {[#]} c5 $146 ({Predecessor:} 11... a6 12. Rc1 c5 13. dxc5 bxc5 14. Na4 Nbd7 15. b4 c4 16. Bc2 Ne5 17. Bc3 Nfg4 {1-0 (36) Watanabe,A (2284)-Efimov,I (2409) Chess.com INT 2020}) 12. Rc1 Nc6 13. dxc5 bxc5 14. Qa4 (14. Bb5 $11 {keeps the balance.}) 14... d4 ({Black should try} 14... Bxg3 $17 15. hxg3 Ne5) 15. Nce4 $2 {[#]} (15. exd4 $1 $15 Nxd4 16. Rce1) 15... Nxe4 $1 $19 16. Bxe4 Bxg3 17. Bxc6 {[#]} Bxh2+ {[%mdl 512]} 18. Kxh2 Qd6+ 19. Kg1 Bxc6 20. Qc2 dxe3 ({Not} 20... Qd5 21. e4 Rxe4 22. Qxc5 $17) 21. fxe3 Be4 22. Qxc5 (22. Qd1) 22... Qxd2 {White did not feel at home in the position after the opening.  Weighted Error Value: White=0.74/Black=0.06 (flawless)} 0-1

[Event "VIII Floripa Open 2022"]
[Site "Florianopolis"]
[Date "2022.01.26"]
[Round "3.2"]
[White "Delgado Ramirez, Neuris"]
[Black "Dias, Anderson Tatsch"]
[Result "1-0"]
[WhiteElo "2614"]
[BlackElo "2102"]
[Annotator "TA"]
[PlyCount "39"]
[EventDate "2022.01.24"]
[EventType "swiss"]
[EventCountry "BRA"]
[SourceTitle "playchess.com"]
[Source "ChessBase"]
[SourceQuality "1"]

{[%evp 9,39,29,37,28,50,48,48,31,57,46,80,74,80,76,69,71,98,74,83,91,92,91,91,105,160,168,161,167,158,156,166,127]} 1. e4 c5 2. Nf3 e6 3. d4 cxd4 4. Nxd4 Qb6 5. c3 a6 6. Nd2 {B40: Sicilian: 2...e6, Unusual lines.} d6 7. a4 {[%cal Ba2a4,Ba4a5][%mdl 32]} Nf6 8. Bd3 {White is slightly better.} Be7 9. O-O (9. Nc4 {is more complex.} Qc7 10. a5 Nbd7 11. O-O O-O 12. Re1) 9... Nc6 {[#]} 10. Nxc6 $146 ({Predecessor:} 10. Nc4 Qc7 11. Be3 Ne5 12. Nxe5 dxe5 13. Nb3 b6 14. a5 b5 15. Qf3 O-O 16. Rfe1 {½-½ (45) Babrauskas,D (2019)-Bucinskas,V (2297) Lithuania 2019}) 10... bxc6 11. Nc4 Qc7 12. a5 Nd7 13. Bf4 (13. Qg4 {is interesting.} O-O 14. Bh6 Bf6 15. f4 Rb8 16. Rf2) 13... O-O 14. Bc2 {[%cal Rf4d6] White is more active.} e5 15. Be3 Bb7 16. Qd3 {[%cal Oc4d6]} Nc5 (16... Rfd8 $142) 17. Bxc5 $16 {White is clearly better.} dxc5 18. Qg3 Bf6 19. Qe3 Be7 20. Bd3 {Weighted Error Value: White=0.04 (flawless) /Black=0.13 (very precise)} 1-0

[Event "VIII Floripa Open 2022"]
[Site "Florianopolis"]
[Date "2022.01.26"]
[Round "3.3"]
[White "Souza Neves, Andrey M."]
[Black "Bachmann, Axel"]
[Result "0-1"]
[WhiteElo "2107"]
[BlackElo "2594"]
[Annotator "TA"]
[PlyCount "60"]
[EventDate "2022.01.24"]
[EventType "swiss"]
[EventCountry "BRA"]
[SourceTitle "playchess.com"]
[Source "ChessBase"]
[SourceQuality "1"]

{[%evp 10,60,20,21,35,3,6,10,2,0,5,9,24,-21,-8,0,26,24,30,0,22,-24,-22,-29,-10,-3,15,0,0,-22,4,-41,-47,-114,-97,-239,-240,-237,-225,-202,-220,-656,-657,-624,-346,-661,-656,-641,-627,-984,-490,-1907,-1822]} 1. d4 Nf6 2. c4 e6 3. Nf3 Bb4+ 4. Nbd2 O-O 5. a3 Be7 6. e4 d6 {[%cal Oe6e5] E11: Bogo-Indian.} 7. b4 a5 8. b5 e5 {The position is equal.} 9. Be2 exd4 10. Nxd4 Nfd7 11. O-O (11. Qc2 {is more appropriate.}) 11... Bf6 $11 12. Bb2 Nc5 (12... c5 $5 {[%cal Rc5d4]} 13. bxc6 Nxc6 14. Nxc6 bxc6 15. Bxf6 Qxf6 $11) 13. Qc2 Re8 {[#]} 14. f3 $146 ({Predecessor:} 14. Rfe1 Nbd7 15. Bf1 Nf8 16. h3 Bd7 17. Rad1 Ng6 18. N2b3 Nxb3 19. Qxb3 b6 20. Nf3 Bxb2 21. Qxb2 Qe7 22. Re3 Rad8 23. Rde1 Ne5 {½-½ (23) Bulski,K (2549)-Antoniewski,R (2557) Czech Republic 2012}) 14... a4 15. Rfd1 (15. f4 {deserves consideration.}) 15... Be5 {[#] And now ...Qf6 would win.} 16. Nf1 Qf6 {[%cal Oc5b3] Strongly threatening ...Nb3!} 17. Rab1 Ne6 {[%cal Re6d4]} 18. Nxe6 Bxe6 19. b6 cxb6 20. Rxd6 Nc6 $15 {...Nd4 is the strong threat.} 21. Bxe5 (21. Qd2 $15) 21... Qxe5 $17 22. Rbd1 {This move loses the game for White.} (22. Qd2 $17 {keeps fighting.}) 22... Qc5+ $19 23. Kh1 Qxa3 24. f4 Red8 25. R6d5 {[#]} (25. Rxd8+ Rxd8 26. f5) 25... Bxd5 26. cxd5 Qb3 27. Qc1 (27. Qxb3 axb3 28. dxc6 Rxd1 29. Bxd1) 27... Nb4 {Threatens to win with ...Rdc8. Black is clearly winning.} 28. f5 a3 29. e5 Qb2 (29... a2 $142 30. f6 h6 31. fxg7 Kxg7) 30. Qc7 (30. Qxb2 $142 axb2 31. Rb1) 30... Qxe2 {Weighted Error Value: White=0.93/Black=0.38} 0-1

[Event "VIII Floripa Open 2022"]
[Site "Florianopolis"]
[Date "2022.01.26"]
[Round "3.4"]
[White "Supi, Luis Paulo"]
[Black "Pereira, Geanfrancesco"]
[Result "1-0"]
[WhiteElo "2581"]
[BlackElo "2100"]
[Annotator "TA"]
[PlyCount "38"]
[EventDate "2022.01.24"]
[EventType "swiss"]
[EventCountry "BRA"]
[SourceTitle "playchess.com"]
[Source "ChessBase"]
[SourceQuality "1"]

{[%evp 9,25,15,26,17,29,17,31,21,31,16,27,23,29,8,24,24,44,50]} 1. e4 c5 2. Nf3 d6 3. d4 cxd4 4. Qxd4 a6 5. Be2 Nc6 6. Qe3 {B53: Sicilian: 2...d6: Lines with Qxd4.} g6 7. O-O Bg7 8. h3 {8.Rd1 gains popularity.} Nf6 9. c4 {To avoid d5} O-O 10. Nc3 Nd7 11. Rd1 Rb8 12. Rb1 Qa5 13. Bd2 {[#]  Weighted Error Value: White=0.04 (flawless) /Black=0.10 (very precise)} {Predecessor:} Qc5 $146 14. Qf4 Nde5 15. Qh4 Nxf3+ 16. Bxf3 Bf6 17. Qg3 Qxc4 18. Nd5 Be5 19. Qh4 Qxa2 {0-1 (71) Doe,J (2626)-Durarbayli,V (2620) Chess.com INT 2018} 1-0